Baťovy úvahy o českém a slovenském obuvnickém průmyslu.

Slabiny českého a slovenského obuvníckeho priemyslu. Potreba oživenia výroby a predaja obuvi. Modernizácia výrobného zariadenia a výrobných i obchodných budov. Obnovenie schopností súťažiť na domácich i zahraničných trhoch. Zavedenie moderného marketingu a organizácie práce. Výber vhodných spoluprac...

Celý popis

Uložené v:
Podrobná bibliografia
Médium: Kapitola
Jazyk:Czech
Predmet:
Tagy: Pridať tag
Žiadne tagy, Buďte prvý, kto otaguje tento záznam!

MARC

LEADER 00000naa a2200000 4500
001 r004833
005 20221125081120.2
041 0 |a cze 
044 |a [CS] 
245 1 0 |a Baťovy úvahy o českém a slovenském obuvnickém průmyslu. 
520 |a Slabiny českého a slovenského obuvníckeho priemyslu. Potreba oživenia výroby a predaja obuvi. Modernizácia výrobného zariadenia a výrobných i obchodných budov. Obnovenie schopností súťažiť na domácich i zahraničných trhoch. Zavedenie moderného marketingu a organizácie práce. Výber vhodných spolupracovníkov. 
610 2 0 |a priemysel obuvnícky 
610 2 0 |a ČSFR 
610 2 0 |a výroba 
610 2 0 |a predaj 
610 2 0 |a zariadenie výrobné 
610 2 0 |a budovy 
610 2 0 |a trh vnútorný 
610 2 0 |a trh zahraničný 
610 2 0 |a marketing 
610 2 0 |a organizácia práce 
610 2 0 |a prijímanie pracovníkov